Statistics for Percy Jackson and Heroes of Olympus Character Quiz

Click here to take the quiz!

General Stats

  • This quiz has been taken 199 times
    (179 since last reset)
  • The average score is 21 of 22

Answer Stats

Hint Answer % Correct
One of the seven, main character, son of PoseidonPercy Jackson
100%
One of the seven, has the ability to charmspeak, daughter of AphroditePiper McLean
99%
One of the seven, built the Argo II and Festus, son of Hephaestus.Leo Valdez
99%
Satyr, main character's best friend in the first seriesGrover Underwood
99%
One of the seven, Main character's girlfriend, daughter of AthenaAnnabeth Chase
99%
Host of Kronos, betrayed Camp Half-Blood, son of HermesLuke Castellan
98%
One of the seven, first appears in The Lost Hero, son of JupiterJason Grace
98%
One of the seven, Chinese, can turn into animals, son of Mars,Frank Zhang
98%
Was once a tree, hunter of Artemis, daughter of ZeusThalia Grace
98%
Camp bully, weapon of choice is an electric spear, daughter of AresClarisse La Rue
98%
Born in the early 1930's, was obsessed with Mythomajic, son of HadesNico di Angelo
98%
Mortal mother of the son of PoseidonSally Jackson
96%
Born in the early 1930's, sacrificed her life for other main characters, daughter of HadesBianca di Angelo
96%
One of the seven, Born in the late 1920's died, came back, daughter of PlutoHazel Levesque
96%
Satyr, coach at the Wilderness School, husband of Mellie, father of ChuckGleeson Hedge
94%
Second step-father of the main character, friendlyPaul Blofis
94%
First step-father of the main character, abusiveGabe Ugliano
92%
Camp healer, son of ApolloWill Solace
90%
Was the vessel of Kronos' spy, daughter of AphroditeSilena Beauregard
89%
Sacrificed his life on Princess Andromeda, son of HephaestusCharles Beckendorf
89%
Dryad (wood nymph), girlfriend of the main character's best friendJuniper
89%
Main character meets her at the Hoover Dam, and then once again at Goode High SchoolRachel Elizabeth Dare
73%

Score Distribution

Percentile by Number Answered

Percent of People with Each Score

Your Score History

You have not taken this quiz since the last reset